000 00570nam a2200217Ia 4500
005 20241216011141.0
008 190212s9999||||xx |||||||||||||| ||und||
082 _a657
_bS756
100 _aSLOSSE, CARLOS A. Y OTROS
245 0 _aCONTABILIDAD PARA LA GESTION EMPRESARIAL
250 _a0
260 _c1989
300 _a0 pag
_c0 cm
341 _h0
490 _v0
_a0
505 _aTOMA DE DICISIONES/MEDICION/RESULTADOS FINANCIEROS/INFORMACI
541 _d01-May-04
_oSoles
650 _aCIENCIAS APLICADAS
856 _zCiencias Aplicadas
942 _cLIBRO
999 _c34032
_d34032